| 000 | 01237nam a22002897a 4500 | ||
|---|---|---|---|
| 001 | 7729 | ||
| 003 | FISKH | ||
| 005 | 20250801141532.0 | ||
| 008 | 250801b cb ||||| |||| 00| 0 eng d | ||
| 020 | _a9781408869901 | ||
| 040 |
_aFISKH _beng _cFISKH _dFISKH |
||
| 050 | _a PZ7.1 N | ||
| 082 | _a813.6 | ||
| 100 | _aNaylor-Ballesteros, Chris | ||
| 245 |
_aI'm going to eat this ant / _cChris Naylor-Ballesteros |
||
| 250 | _aThis edition first published in 2017 | ||
| 260 |
_aLondon : _bBloomsbury, _c2017 |
||
| 300 |
_a24 pages : _bcolor illustrations ; _c27 cm |
||
| 505 | _aG | ||
| 520 | _aThere are so many scrumptious ways to eat this ant. Seared like steak or squished in a sausage ... sundried, salted or sliced ...But watch out, anteater! While you're salivating, this sneaky ant has got an escape plan up its sleeve ...Take one starving anteater and one slippery ant, and you have the super ingredients for a hilarious, stylish story. Perfect for fans of Jon Klassen, Chris Haughton and Steve Antony - minimalist illustrations with tonnes of humour. | ||
| 521 | 8 |
_a350
_bLexile |
|
| 521 | 8 |
_aG
_bRaz-Plus |
|
| 650 |
_2Picture book _aFood |
||
| 650 |
_2Animals _aTeddy |
||
| 942 |
_2ddc _cBK _n0 |
||
| 999 |
_c7729 _d7729 |
||